[Event "HUN-chT4 1617"]
[Site "Hungary"]
[Date "2017.03.19"]
[Round "6.3"]
[White "Kiss, Jeno"]
[Black "Szalai, Attila"]
[Result "1/2-1/2"]
[WhiteElo "1499"]
[BlackElo "1665"]
[PlyCount "100"]
[EventDate "2016.10.02"]
[EventType "team-tourn"]
[EventRounds "7"]
[EventCountry "HUN"]
[SourceTitle "EXT 2019"]
[Source "ChessBase"]
[SourceDate "2018.10.10"]
[SourceVersion "1"]
[SourceVersionDate "2018.10.10"]
[SourceQuality "1"]

1. d4 Nf6 2. c4 g6 3. Nc3 d5 4. e3 Bg7 5. Nf3 0-0 6. b3 Bg4 7. h3 Bxf3 8. Qxf3 c6 9. Bd3 e6 10. 0-0 Nbd7 11. Bb2 Re8 12. cxd5 cxd5 13. Rfc1 Rc8 14. Nb5 Qb6 15. Qd1 a6 16. Nc3 Qd6 17. Rc2 Rc6 18. Rac1 Rec8 19. Be2 Qc7 20. Qd3 Bf8 21. Bd1 Qb8 22. Ne2 Qd6 23. Ng3 Nb8 24. Rxc6 Rxc6 25. Rxc6 Nxc6 26. a3 Na7 27. a4 Nc6 28. Qc3 Qb4 29. Qxb4 Bxb4 30. Kf1 Kf8 31. Ke2 Ke7 32. f3 h5 33. Kd3 Kd7 34. Ne2 Be1 35. Ba3 Ne8 36. Nf4 Bg3 37. Ne2 Bd6 38. Bb2 Bb4 39. Nc3 Nd6 40. Bc2 Nf5 41. g4 hxg4 42. hxg4 Nd6 43. Bd1 f5 44. gxf5 gxf5 45. Ne2 Nf7 46. e4 fxe4+ 47. fxe4 dxe4+ 48. Kxe4 Nd6+ 49. Kd3 Ne7 50. Nf4 Nd5 1/2-1/2

[Event "HUN-chT4 Chalupetzky 1516"]
[Site "Fertoszentmiklos"]
[Date "2016.04.10"]
[Round "7.5"]
[White "Kiss, Jeno"]
[Black "Horvath, Tibor"]
[Result "0-1"]
[WhiteElo "1507"]
[BlackElo "1729"]
[PlyCount "67"]
[EventDate "2015.10.11"]
[EventType "team-tourn"]
[EventRounds "7"]
[EventCountry "HUN"]
[SourceTitle "EXT 2017"]
[Source "ChessBase"]
[SourceDate "2016.10.25"]
[SourceVersion "1"]
[SourceVersionDate "2016.10.25"]
[SourceQuality "1"]
[WhiteTeam "Lovo II"]
[BlackTeam "Level KSE"]
[WhiteTeamCountry "HUN"]
[BlackTeamCountry "HUN"]

1. d4 d5 2. Nf3 Nf6 3. e3 e6 4. b3 Nbd7 5. Be2 Bd6 6. Bb2 0-0 7. Nbd2 c6 8. c4 Re8 9. Ne5 Qc7 10. Ndf3 Bb4+ 11. Kf1 dxc4 12. Bxc4 Nxe5 13. Nxe5 Bd6 14. h4 Rd8 15. Qe2 Ne4 16. Bd3 Bxe5 17. Bxe4 Bf6 18. g4 Qa5 19. g5 Be7 20. f4 b6 21. Qc2 Ba6+ 22. Kg1 g6 23. h5 Bf8 24. hxg6 fxg6 25. Qh2 Rd7 26. Bxc6 Rad8 27. Bxd7 Rxd7 28. Qc2 Qd5 29. Qg2 Qf5 30. Rc1 Bb7 31. Qf2 Qg4+ 32. Kf1 Bxh1 33. Ba1 Bd5 34. Bb2 0-1

[Event "HUN-chT4 Chalupetzky 1516"]
[Site "Fertoszentmiklos"]
[Date "2016.03.06"]
[Round "6.6"]
[White "Kiss, Jeno"]
[Black "Balogh, Akos"]
[Result "0-1"]
[WhiteElo "1507"]
[BlackElo "1590"]
[PlyCount "88"]
[EventDate "2015.10.11"]
[EventType "team-tourn"]
[EventRounds "7"]
[EventCountry "HUN"]
[SourceTitle "EXT 2017"]
[Source "ChessBase"]
[SourceDate "2016.10.25"]
[SourceVersion "1"]
[SourceVersionDate "2016.10.25"]
[SourceQuality "1"]
[WhiteTeam "Lovo II"]
[BlackTeam "Toltestava Tornado"]
[WhiteTeamCountry "HUN"]
[BlackTeamCountry "HUN"]

1. d4 d5 2. Nf3 Bg4 3. e3 Nf6 4. c4 e6 5. Qa4+ Qd7 6. Qb3 Qc8 7. Nbd2 Be7 8. Bd3 0-0 9. 0-0 c5 10. Qc2 Nc6 11. a3 Bxf3 12. Nxf3 dxc4 13. Bxc4 Na5 14. Ba2 cxd4 15. Qa4 Nc6 16. exd4 Rd8 17. Be3 Nd5 18. Rfe1 Bf6 19. Rad1 g6 20. Qb3 Qc7 21. Qd3 Rac8 22. Rc1 Qb6 23. b4 a6 24. Rc4 Rd7 25. Rd1 Rcd8 26. Qe4 Nxe3 27. fxe3 Qc7 28. a4 Qd6 29. g3 Nxb4 30. Bb3 Nd5 31. Ne5 Bxe5 32. dxe5 Qb6 33. Rd3 Qa7 34. Kg2 b5 35. Rcd4 Nxe3+ 36. Qxe3 Rxd4 37. Bc2 Qd7 38. Rc3 Qd5+ 39. Kh3 bxa4 40. Ra3 a5 41. Rc3 Rd2 42. Rc7 Qg2+ 43. Kh4 Rxc2 44. Qf4 Rxc7 0-1

[Event "HUN-chT4a 1415"]
[Site "Hungary"]
[Date "2014.10.19"]
[Round "1.3"]
[White "Hercsel, Peter"]
[Black "Kiss, Jeno"]
[Result "0-1"]
[WhiteElo "1481"]
[BlackElo "1488"]
[PlyCount "54"]
[EventDate "2014.10.19"]
[EventType "team-tourn"]
[EventRounds "7"]
[EventCountry "HUN"]
[SourceTitle "EXT 2016"]
[Source "ChessBase"]
[SourceDate "2015.10.08"]
[SourceVersion "1"]
[SourceVersionDate "2015.10.08"]
[SourceQuality "1"]

1. e4 e5 2. Nf3 Nc6 3. Bc4 Nf6 4. d3 Be7 5. 0-0 0-0 6. Be3 b6 7. Nc3 d6 8. h3 Na5 9. Bb3 c6 10. Qd2 Qc7 11. Nh2 Nxb3 12. axb3 d5 13. exd5 cxd5 14. d4 e4 15. Nb5 Qb7 16. c4 a6 17. Nc3 Bf5 18. Ng4 Bb4 19. Nxf6+ gxf6 20. Qe2 Bxc3 21. bxc3 Kh8 22. Rfb1 Rg8 23. Kh1 Qd7 24. g4 Bxg4 25. hxg4 Rxg4 26. Rg1 Rh4+ 27. Kg2 Qh3# 0-1

[Event "HUN-chT2 Szechenyi 1314"]
[Site "Hungary"]
[Date "2014.04.13"]
[Round "10.11"]
[White "Kiss, Jeno"]
[Black "Felfoldi, Tamas"]
[Result "1/2-1/2"]
[WhiteElo "1457"]
[BlackElo "1600"]
[PlyCount "141"]
[EventDate "2013.09.08"]
[EventType "team-tourn"]
[EventRounds "11"]
[EventCountry "HUN"]
[SourceTitle "EXT 2016"]
[Source "ChessBase"]
[SourceDate "2015.10.08"]
[SourceVersion "1"]
[SourceVersionDate "2015.10.08"]
[SourceQuality "1"]
[WhiteTeam "Lovo"]
[BlackTeam "Szombathely Haladas III"]
[WhiteTeamCountry "HUN"]
[BlackTeamCountry "HUN"]

1. d4 d5 2. Nf3 Nf6 3. c4 e6 4. a3 Be7 5. Nc3 0-0 6. Qc2 Nbd7 7. e3 b6 8. Be2 dxc4 9. e4 Bb7 10. Bxc4 c5 11. 0-0 cxd4 12. Nxd4 Ne5 13. Nce2 Bxe4 14. Qb3 Nxc4 15. Qxc4 Bd5 16. Qa4 a6 17. Be3 b5 18. Qd1 Rc8 19. f3 Nd7 20. Rf2 Ne5 21. Nc3 Nc4 22. Bf4 e5 23. Nf5 Be6 24. Nxe7+ Qxe7 25. Bc1 Rfd8 26. Qe2 f6 27. Be3 Nxe3 28. Qxe3 Bc4 29. Rd2 Rxd2 30. Qxd2 Rd8 31. Qe1 Qc5+ 32. Kh1 Rd7 33. Rd1 Rxd1 34. Qxd1 Qd4 35. Qe1 Qd3 36. Qd1 Qxd1+ 37. Nxd1 Kf7 38. Kg1 Ke6 39. Kf2 Kd6 40. Ke3 a5 41. g3 b4 42. axb4 axb4 43. Nf2 Bb5 44. Ne4+ Kd5 45. Nd2 Be8 46. Ne4 Bg6 47. Nd2 Bf5 48. Nb3 e4 49. f4 Bd7 50. h4 h6 51. Nd2 Bf5 52. Nb3 Bg6 53. Nd2 Kc5 54. Nb3+ Kd5 55. Nd2 Bf5 56. Nb3 g5 57. hxg5 hxg5 58. Nd2 gxf4+ 59. gxf4 Bg6 60. Nb3 f5 61. Nd2 Bf7 62. Nb3 Be6 63. Nd2 Kc5 64. Nb1 Ba2 65. Nd2 Kd5 66. Nf1 Bb3 67. Nd2 Ba2 68. Nf1 Bc4 69. Nd2 Bd3 70. Nb3 Bc2 71. Nd2 1/2-1/2

[Event "HUN-chT2 Szechenyi 1314"]
[Site "Hungary"]
[Date "2014.03.23"]
[Round "9.11"]
[White "Becsi, Janos"]
[Black "Kiss, Jeno"]
[Result "1-0"]
[WhiteElo "1724"]
[BlackElo "1457"]
[PlyCount "157"]
[EventDate "2013.09.08"]
[EventType "team-tourn"]
[EventRounds "11"]
[EventCountry "HUN"]
[SourceTitle "EXT 2016"]
[Source "ChessBase"]
[SourceDate "2015.10.08"]
[SourceVersion "1"]
[SourceVersionDate "2015.10.08"]
[SourceQuality "1"]
[WhiteTeam "Ajka Banyasz"]
[BlackTeam "Lovo"]
[WhiteTeamCountry "HUN"]
[BlackTeamCountry "HUN"]

1. e4 e5 2. Nf3 Nc6 3. Bb5 d6 4. 0-0 Nf6 5. Re1 Be7 6. d4 exd4 7. Nxd4 Bd7 8. Nxc6 bxc6 9. Bd3 0-0 10. Nc3 h6 11. b3 Nh7 12. Bb2 Bf6 13. Rb1 Bd4 14. Ne2 Bb6 15. Ng3 Qg5 16. c4 Rae8 17. Qc2 Nf6 18. Bxf6 Qxf6 19. Nf5 Re6 20. Kf1 Qe5 21. Ng3 Rfe8 22. b4 Rf6 23. Re2 Bg4 24. Rd2 Be3 25. f3 Bxd2 26. Qxd2 Bc8 27. Kg1 Qd4+ 28. Kh1 g6 29. Rd1 Kg7 30. Qc1 Qb6 31. a3 d5 32. c5 Qb7 33. Qc3 Bd7 34. e5 Rfe6 35. f4 Kg8 36. Nf1 R6e7 37. Qe1 Qc8 38. Qh4 Kg7 39. Qf6+ Kg8 40. Qh4 Kh7 41. Ng3 Be6 42. Nh5 Qd8 43. Nf6+ Kg7 44. Nxe8+ Rxe8 45. Qxd8 Rxd8 46. g3 Rf8 47. Kg2 f6 48. Re1 Re8 49. Ba6 Kf7 50. Kf3 Bd7 51. Bd3 f5 52. h4 Ke6 53. g4 Rg8 54. Rg1 Kf7 55. gxf5 gxf5 56. Rxg8 Kxg8 57. Ke3 Kf7 58. h5 Ke7 59. a4 Be8 60. Kd4 Ke6 61. Be2 Bd7 62. b5 Be8 63. bxc6 Bxc6 64. Bb5 Bxb5 65. axb5 Ke7 66. Kxd5 Kd7 67. c6+ Ke7 68. Kc5 Ke6 69. Kd4 Ke7 70. Kd5 Kf7 71. e6+ Kf6 72. e7 Kxe7 73. Ke5 Ke8 74. Kxf5 Kf7 75. Ke5 Ke7 76. f5 Kf7 77. f6 Kf8 78. Ke6 Ke8 79. f7+ 1-0

[Event "HUN-chT2 Szechenyi 1314"]
[Site "Hungary"]
[Date "2014.02.16"]
[Round "7.10"]
[White "Kiss, Jeno"]
[Black "Havasi, Jozsef"]
[Result "0-1"]
[WhiteElo "1457"]
[BlackElo "1870"]
[PlyCount "114"]
[EventDate "2013.09.08"]
[EventType "team-tourn"]
[EventRounds "11"]
[EventCountry "HUN"]
[SourceTitle "EXT 2016"]
[Source "ChessBase"]
[SourceDate "2015.10.08"]
[SourceVersion "1"]
[SourceVersionDate "2015.10.08"]
[SourceQuality "1"]
[WhiteTeam "Lovo"]
[BlackTeam "Sarvar"]
[WhiteTeamCountry "HUN"]
[BlackTeamCountry "HUN"]

1. d4 f5 2. Nf3 g6 3. c4 Nf6 4. Nc3 Bg7 5. Bf4 d6 6. Qd2 0-0 7. Qc2 Nc6 8. e3 Qe8 9. Nb5 Qd7 10. d5 Nd8 11. h3 Nh5 12. Ng5 Nxf4 13. exf4 a6 14. Nc3 Re8 15. Bd3 h6 16. Nf3 e5 17. Nh4 exf4+ 18. Kd2 Qf7 19. g4 Qf6 20. Nf3 g5 21. gxf5 Nf7 22. Rae1 Ne5 23. Nxe5 Rxe5 24. Rxe5 dxe5 25. Be4 Rb8 26. c5 Bd7 27. a4 Rf8 28. Qd3 Bxf5 29. Re1 Bxe4 30. Rxe4 Qe7 31. Qc4 Kh8 32. b4 Rd8 33. Kc2 Qd7 34. Qd3 Rf8 35. b5 axb5 36. axb5 Rd8 37. c6 bxc6 38. bxc6 Qd6 39. Ra4 Qc5 40. Qd2 Re8 41. Re4 Ra8 42. Kd3 Qa3 43. Qc2 Qa6+ 44. Rc4 Qc8 45. Rb4 Qxh3+ 46. Kd2 Qc8 47. Rb7 Qd8 48. Qg6 Rc8 49. Qe6 h5 50. Nb5 g4 51. Qf7 Qg5 52. Rxc7 f3+ 53. Kd1 Rf8 54. Qd7 g3 55. Qxg7+ Qxg7 56. Rxg7 Kxg7 57. fxg3 f2 0-1

[Event "HUN-chT4 1314"]
[Site "Hungary"]
[Date "2013.10.13"]
[Round "1.1"]
[White "Kiss, Jeno"]
[Black "Torok, Attila"]
[Result "0-1"]
[WhiteElo "1457"]
[BlackElo "1765"]
[PlyCount "89"]
[EventDate "2013.10.13"]
[EventType "team-tourn"]
[EventRounds "11"]
[EventCountry "HUN"]
[SourceTitle "EXT 2016"]
[Source "ChessBase"]
[SourceDate "2015.10.08"]
[SourceVersion "1"]
[SourceVersionDate "2015.10.08"]
[SourceQuality "1"]

1. d4 d5 2. Nf3 Nf6 3. c4 e6 4. a3 Be7 5. Nc3 0-0 6. Bg5 Nbd7 7. e3 c5 8. Rc1 h6 9. Bh4 g5 10. Bg3 dxc4 11. Bxc4 Nb6 12. Ba2 cxd4 13. Nxd4 Bd7 14. Bb1 Nfd5 15. Qh5 Kg7 16. 0-0 Nxc3 17. Rxc3 Nd5 18. Rc4 Bf6 19. Rd1 Rc8 20. Rxc8 Qxc8 21. Qe2 Rh8 22. Qd2 Bc6 23. Rc1 Ne7 24. b4 Qd7 25. Qd3 Bxd4 26. exd4 Nf5 27. Qc3 Qd5 28. f3 Rc8 29. Be4 Nxg3 30. Bxd5 Ne2+ 31. Kf2 Nxc3 32. Bxc6 Rxc6 33. Ke1 a6 34. Kd2 Nd5 35. g3 Rxc1 36. Kxc1 f5 37. Kd2 Kf6 38. Kd3 b5 39. h3 h5 40. h4 gxh4 41. gxh4 Nf4+ 42. Ke3 Ng2+ 43. Kf2 Nxh4 44. f4 Ng6 45. Kg2 0-1